Stahlhochbau.Teil 2. /

Enregistré dans:
Détails bibliographiques
Auteurs principaux: Thiele, Albrecht (Auteur), Buchenau, Heinz (Auteur)
Format: Livre
Langue:allemand
Publié: Stuttgart : BSB Teubner, 1985
Édition:17.preprac.a dopl.vyd.
Tags: Ajouter un tag
Pas de tags, Soyez le premier à ajouter un tag!

MARC

LEADER 00000nam a22000003a 4500
001 stu30539
005 20150617225734.8
008 971211s1985----bg------------------ger-d
020 |a 3-519-35208-7 
040 |a STU  |b slo 
041 0 |a ger 
044 |a bg 
080 |a 624.014.2 
100 1 |a Thiele, Albrecht  |4 aut 
245 1 |a Stahlhochbau.Teil 2. /  |c [aut]Buchenau,Heinz;Thiele,Albrecht 
250 |a 17.preprac.a dopl.vyd. 
260 |a Stuttgart :  |b BSB Teubner,  |c 1985 
300 |a 260 s 
700 1 |a Buchenau, Heinz  |4 aut 
996 |c V*45077/O-19683  |l VV9  |s P  |a 0  |w stu30539_0001